[Event "Turkey Cup 2019"]
[Site "Belek"]
[Date "2019.02.01"]
[Round "9.2"]
[White "Tarlabasi, Emirhan"]
[Black "Koksal, Ege"]
[Result "0-1"]
[WhiteElo "2264"]
[BlackElo "2360"]
[Annotator "TA"]
[PlyCount "228"]
[EventDate "2019.01.27"]
[EventType "swiss"]
[EventCountry "TUR"]
[SourceTitle "playchess.com"]
[Source "ChessBase"]
[SourceQuality "1"]

1. d4 Nf6 2. c4 e6 3. Nf3 b6 4. a3 Bb7 5. Nc3 d5 6. Qc2 Bd6 7. cxd5 Nxd5 8. e4 Nxc3 9. bxc3 Nd7 10. Bd3 h6 11. O-O O-O 12. Qe2 e5 13. Bb2 Qe7 14. a4 f5 15. Rfe1 Rae8 16. d5 Nc5 17. c4 f4 18. Nd2 a5 19. f3 Bc8 20. Bc2 Bd7 21. g4 h5 22. gxh5 Rf6 23. Kh1 Rh6 24. Rg1 Rxh5 25. Rg6 Rf8 26. Rag1 Rf6 27. Ba3 Rh6 28. R6g2 Rh5 29. Rg6 Rxg6 30. Rxg6 Be8 31. Rg4 Nxa4 32. Bxd6 Qxd6 33. Qg2 Qh6 34. Bxa4 Bxa4 35. c5 bxc5 36. Nc4 Bb5 37. Nxa5 Kh7 38. Nc6 Bxc6 39. dxc6 Qf6 40. Qa2 Rh6 41. Rg2 Qe6 42. Qa4 Qxc6 43. Qc4 Rd6 44. Rg1 Rg6 45. Rc1 Rd6 46. Qf7 Qd7 47. Qh5+ Kg8 48. Qxe5 Rd1+ 49. Rxd1 Qxd1+ 50. Kg2 Qe2+ 51. Kg1 Qxf3 52. Qxc7 Qe3+ 53. Kf1 Qh3+ 54. Ke1 Qxh2 55. Qc8+ Kh7 56. Qxc5 Qh1+ 57. Kf2 Qxe4 58. Qh5+ Kg8 59. Qg4 Qe3+ 60. Kg2 Qe4+ 61. Kf2 Qd4+ 62. Kf3 Qe3+ 63. Kg2 Kf7 64. Qf5+ Kg8 65. Qd5+ Kf8 66. Qf5+ Ke7 67. Qg5+ Ke6 68. Qxg7 f3+ 69. Kh1 Qe1+ 70. Kh2 Qe2+ 71. Kh1 Kf5 72. Qf7+ Ke4 73. Qe6+ Kd3 74. Qd5+ Ke3 75. Qg5+ Kd3 76. Qd5+ Kc2 77. Qa2+ Kd1 78. Qb1+ Kd2 79. Qb4+ Kc1 80. Qc3+ Kb1 81. Qb3+ Kc1 82. Qc3+ Kd1 83. Qa1+ Kd2 84. Qa5+ Kd3 85. Qd5+ Kc3 86. Qa5+ Kd4 87. Qb4+ Ke3 88. Qc5+ Kf4 89. Qd6+ Kg4 90. Qg6+ Kf4 91. Qd6+ Kf5 92. Qd5+ Kf6 93. Qd4+ Kg5 94. Qg7+ Kf5 95. Qf7+ Ke4 96. Qe6+ Kd4 97. Qd6+ Kc3 98. Qa3+ Kc4 99. Qa6+ Kb3 100. Qb6+ Kc2 101. Qg6+ Kd2 102. Qg5+ Ke1 103. Qg3+ Qf2 104. Qe5+ Qe2 105. Qg3+ Kd1 106. Qd6+ Qd2 107. Qg6 Ke2 108. Qa6+ Qd3 109. Qa2+ Ke1 110. Qa5+ Qd2 111. Qe5+ Kf1 112. Qb5+ Qe2 113. Qb1+ Qe1 114. Qc2 Qh4+ 0-1

[Event "Turkey Cup 2019"]
[Site "Belek"]
[Date "2019.02.01"]
[Round "9.3"]
[White "Yilmazyerli, Mert"]
[Black "Gunduz, Umut Erdem"]
[Result "1/2-1/2"]
[WhiteElo "2436"]
[BlackElo "2255"]
[Annotator "TA"]
[PlyCount "62"]
[EventDate "2019.01.27"]
[EventType "swiss"]
[EventCountry "TUR"]
[SourceTitle "playchess.com"]
[Source "ChessBase"]
[SourceQuality "1"]

1. Nf3 d6 2. d4 Nf6 3. c4 g6 4. Nc3 Bg7 5. e4 O-O 6. Be2 e5 7. dxe5 dxe5 8. Qxd8 Rxd8 9. Bg5 Re8 10. Nd5 Nxd5 11. cxd5 c6 12. Bc4 cxd5 13. Bxd5 Nc6 14. O-O Nb4 15. Bb3 Be6 16. Bxe6 Rxe6 17. Rfd1 f6 18. Bd2 Nd3 19. Be3 Nxb2 20. Rdb1 Nc4 21. Rxb7 Nxe3 22. fxe3 Rb6 23. Rc7 Bh6 24. Rd1 Bxe3+ 25. Kf1 Bd4 26. Nxd4 Rd8 27. Ke2 exd4 28. Kd3 Ra6 29. Rb1 Ra3+ 30. Rb3 Rxb3+ 31. axb3 a5 1/2-1/2

[Event "Turkey Cup 2019"]
[Site "Belek"]
[Date "2019.02.01"]
[Round "9.4"]
[White "Sevgi, Volkan"]
[Black "Gokerkan, Cem Kaan"]
[Result "1/2-1/2"]
[WhiteElo "2292"]
[BlackElo "2420"]
[Annotator "TA"]
[PlyCount "56"]
[EventDate "2019.01.27"]
[EventType "swiss"]
[EventCountry "TUR"]
[SourceTitle "playchess.com"]
[Source "ChessBase"]
[SourceQuality "1"]

1. e4 e5 2. Nf3 Nc6 3. Bb5 Nf6 4. O-O Nxe4 5. Re1 Nd6 6. Nxe5 Be7 7. Bf1 Nxe5 8. Rxe5 O-O 9. d4 Bf6 10. Re1 Re8 11. c3 Rxe1 12. Qxe1 Ne8 13. Bf4 d5 14. Bd3 g6 15. Nd2 Ng7 16. Nf3 Bf5 17. Bxf5 Nxf5 18. Qe2 c6 19. Re1 Ng7 20. Be5 Ne6 21. Bxf6 Qxf6 22. Ne5 Re8 23. Ng4 Qd8 24. Qe5 Ng7 25. Qxe8+ Nxe8 26. Rxe8+ Qxe8 27. Nf6+ Kf8 28. Nxe8 Kxe8 1/2-1/2

[Event "Turkey Cup 2019"]
[Site "Belek"]
[Date "2019.02.01"]
[Round "9.5"]
[White "Arat, Ufuk Sezen"]
[Black "Aytekin, Murat Eren"]
[Result "1-0"]
[WhiteElo "2361"]
[BlackElo "2163"]
[Annotator "ChessBase"]
[PlyCount "65"]
[EventDate "2019.01.27"]
[EventType "swiss"]
[EventCountry "TUR"]
[SourceTitle "playchess.com"]
[Source "ChessBase"]
[SourceQuality "1"]

1. c4 g6 2. Nf3 Bg7 3. g3 e5 4. Nc3 Nc6 5. Bg2 d6 6. O-O f5 7. Rb1 Nf6 8. b4 O-O 9. b5 Ne7 10. Qb3 Kh8 11. c5 h6 12. d3 g5 13. cxd6 cxd6 14. Ba3 Ne8 15. Nd2 Rf6 16. Nc4 h5 17. Qb4 Rh6 18. Qa5 Qd7 19. Bb4 h4 20. Nb6 axb6 21. Qxa8 f4 22. Ne4 hxg3 23. fxg3 Nc7 24. Qa7 Ncd5 25. Qb8 Ne3 26. Rf2 Ng4 27. Bxd6 Nxf2 28. Kxf2 Nf5 29. Bxe5 Rxh2 30. Rc1 fxg3+ 31. Nxg3 Bxe5 32. Qxe5+ Ng7 33. Rc7 1-0

[Event "Turkey Cup 2019"]
[Site "Belek"]
[Date "2019.02.01"]
[Round "9.6"]
[White "Ozenir, Ekin Baris"]
[Black "Isik, Alparslan"]
[Result "1-0"]
[WhiteElo "2267"]
[BlackElo "2244"]
[Annotator "ChessBase"]
[PlyCount "71"]
[EventDate "2019.01.27"]
[EventType "swiss"]
[EventCountry "TUR"]
[SourceTitle "playchess.com"]
[Source "ChessBase"]
[SourceQuality "1"]

1. d4 Nf6 2. c4 g6 3. Nc3 Bg7 4. e4 d6 5. Nf3 O-O 6. Be2 e5 7. d5 a5 8. h3 Na6 9. Bg5 h6 10. Be3 Nh5 11. Nd2 Nf4 12. Bf1 f5 13. g3 Nd3+ 14. Bxd3 f4 15. Qe2 Kh7 16. O-O-O fxe3 17. Qxe3 h5 18. f4 Nc5 19. Bc2 Bh6 20. Qf3 exf4 21. e5 dxe5 22. g4 hxg4 23. hxg4 Kg7 24. Rdg1 Bg5 25. Nce4 Nxe4 26. Nxe4 Bh4 27. Rh3 Rh8 28. Rgh1 Qe7 29. c5 Bd7 30. d6 cxd6 31. cxd6 Qd8 32. Qc3 Bxg4 33. Qxe5+ Bf6 34. Nxf6 Bxh3 35. Ne8+ Kf7 36. Bb3+ 1-0

[Event "Turkey Cup 2019"]
[Site "Belek"]
[Date "2019.02.01"]
[Round "9.7"]
[White "Ozen, Bahadir"]
[Black "Buke, Furkan"]
[Result "1-0"]
[WhiteElo "2349"]
[BlackElo "2044"]
[Annotator "NA"]
[PlyCount "46"]
[EventDate "2019.01.27"]
[EventType "swiss"]
[EventCountry "TUR"]
[SourceTitle "playchess.com"]
[Source "ChessBase"]
[SourceQuality "1"]

1. d4 Nf6 2. c4 e6 3. Nf3 b6 4. g3 Bb7 5. Bg2 Be7 6. O-O O-O 7. Nc3 Ne4 8. Bd2 Bf6 9. Qc2 Nxd2 10. Qxd2 d6 11. Rad1 Nd7 12. e4 g6 13. Rfe1 Bg7 14. d5 e5 15. h4 a5 16. h5 Nc5 17. Bh3 f5 18. hxg6 hxg6 19. Nh4 fxe4 20. Nxe4 Nxe4 21. Rxe4 Bc8 22. Bxc8 Qxc8 23. Nxg6 Rf6 1-0

[Event "Turkey Cup 2019"]
[Site "Belek"]
[Date "2019.02.01"]
[Round "9.8"]
[White "Caglar, Ahmet Ata"]
[Black "Olcum, Ahmet"]
[Result "0-1"]
[WhiteElo "2093"]
[BlackElo "2320"]
[Annotator "NA"]
[PlyCount "56"]
[EventDate "2019.01.27"]
[EventType "swiss"]
[EventCountry "TUR"]
[SourceTitle "playchess.com"]
[Source "ChessBase"]
[SourceQuality "1"]

1. d4 d6 2. c4 g6 3. Nc3 Bg7 4. e4 Nc6 5. Be3 e5 6. d5 Nce7 7. Bd3 f5 8. f3 Nf6 9. Nge2 O-O 10. Qd2 c5 11. exf5 gxf5 12. O-O Kh8 13. Bg5 Bd7 14. Ng3 Qe8 15. a3 Nfg8 16. Nge2 Qh5 17. Rae1 f4 18. Bxe7 Nxe7 19. b4 Bh6 20. Ne4 Nf5 21. bxc5 Rf7 22. Nxd6 Nxd6 23. cxd6 Rg8 24. Nc3 Bh3 25. Re2 Rfg7 26. Rff2 Bg5 27. gxh3 Bd8+ 28. Rg2 Bb6+ 0-1

[Event "Turkey Cup 2019"]
[Site "Belek"]
[Date "2019.02.01"]
[Round "9.9"]
[White "Kilic, Efe Mert"]
[Black "Kocak, Can"]
[Result "1/2-1/2"]
[WhiteElo "2241"]
[BlackElo "1994"]
[Annotator "NA"]
[PlyCount "92"]
[EventDate "2019.01.27"]
[EventType "swiss"]
[EventCountry "TUR"]
[SourceTitle "playchess.com"]
[Source "ChessBase"]
[SourceQuality "1"]

1. e4 d6 2. d4 Nf6 3. Nc3 g6 4. Bg5 Bg7 5. Qd2 h6 6. Bh4 c6 7. O-O-O b5 8. Bd3 Na6 9. Nce2 Qb6 10. f4 Bb7 11. Bxf6 Bxf6 12. e5 Bg7 13. e6 f5 14. Nf3 Bf6 15. c3 Nc7 16. g4 c5 17. Rhf1 Bxf3 18. Rxf3 cxd4 19. gxf5 Qc6 20. Rg3 b4 21. c4 gxf5 22. Qc2 O-O-O 23. Bxf5 Qc5 24. Be4 Kb8 25. a3 a5 26. axb4 axb4 27. f5 d5 28. cxd5 Qxc2+ 29. Bxc2 Rxd5 30. Rb3 Na6 31. Bd3 Ka7 32. Kd2 Rb8 33. Ra1 Rb6 34. Ng3 Bg5+ 35. Kd1 Bf4 36. Ra4 Re5 37. Bxa6 Rxa6 38. Rbxb4 Bxg3 39. hxg3 Rxf5 40. Rxd4 Rxa4 41. Rxa4+ Kb6 42. Re4 Rf3 43. Rg4 Rf6 44. Re4 Rf3 45. Rg4 Rf6 46. Re4 Rf3 1/2-1/2

[Event "Turkey Cup 2019"]
[Site "Belek"]
[Date "2019.02.01"]
[Round "9.10"]
[White "Pektas, Yigit"]
[Black "Aydincelebi, Kagan"]
[Result "1-0"]
[WhiteElo "2019"]
[BlackElo "2206"]
[Annotator "NA"]
[PlyCount "67"]
[EventDate "2019.01.27"]
[EventType "swiss"]
[EventCountry "TUR"]
[SourceTitle "playchess.com"]
[Source "ChessBase"]
[SourceQuality "1"]

1. d4 Nf6 2. c4 c5 3. d5 e6 4. Nc3 exd5 5. cxd5 d6 6. Nf3 g6 7. Bf4 a6 8. a4 Bg7 9. h3 O-O 10. e3 Ne8 11. Be2 Nd7 12. O-O Qe7 13. Nd2 Rb8 14. a5 f5 15. Nc4 Ne5 16. Nb6 Nc7 17. Bg3 g5 18. f4 Ng6 19. Qd2 Re8 20. fxg5 f4 21. exf4 Bd4+ 22. Kh2 Bxc3 23. Qxc3 Qxe2 24. Rae1 Qb5 25. f5 Ne5 26. Bxe5 dxe5 27. d6 Na8 28. Nd5 Bd7 29. Rxe5 Qxf1 30. Re7 Rxe7 31. Nxe7+ Kf7 32. Qf6+ Ke8 33. Qh8+ Kf7 34. Qxh7+ 1-0

[Event "Turkey Cup 2019"]
[Site "Belek"]
[Date "2019.02.01"]
[Round "9.11"]
[White "Gulbeyaz, Emir"]
[Black "Sahin, Handenur"]
[Result "0-1"]
[WhiteElo "2179"]
[BlackElo "1998"]
[Annotator "NA"]
[PlyCount "112"]
[EventDate "2019.01.27"]
[EventType "swiss"]
[EventCountry "TUR"]
[SourceTitle "playchess.com"]
[Source "ChessBase"]
[SourceQuality "1"]

1. g3 d5 2. Bg2 Nf6 3. d3 c6 4. Nf3 Bg4 5. Nbd2 Nbd7 6. O-O e5 7. e4 dxe4 8. dxe4 Be7 9. Qe2 O-O 10. b3 Qc7 11. Bb2 Rfe8 12. Nc4 Bc5 13. a4 a5 14. h3 Bxf3 15. Qxf3 Nf8 16. h4 Rad8 17. Rad1 Rxd1 18. Rxd1 b5 19. Ne3 bxa4 20. bxa4 Qb6 21. Nc4 Qb4 22. Bf1 Qb8 23. Bc3 Bb4 24. Rb1 Qa7 25. Ba1 N8d7 26. g4 h6 27. Ne3 Bd2 28. Nf5 Nc5 29. Rd1 Bf4 30. Nd6 Rf8 31. g5 hxg5 32. hxg5 Nh7 33. g6 Ng5 34. Qg2 fxg6 35. Bc4+ Nce6 36. Rd3 Qb8 37. Qg4 Rf6 38. Bb3 Kf8 39. Bb2 c5 40. Ba3 Bd2 41. Nb5 Bb4 42. Qh4 Ke7 43. Nc3 Bxc3 44. Rxc3 Rf4 45. Bxc5+ Kf6 46. Qh1 Nxe4 47. Bxe6 Nxc3 48. Qc6 Ne2+ 49. Kg2 Nd4 50. Qd7 Nxe6 51. Qe7+ Kf5 52. Qf7+ Kg5 53. Be7+ Kh6 54. Qxe6 Qb7+ 55. Kg1 Qf3 56. Bc5 Rg4+ 0-1

[Event "Turkey Cup 2019"]
[Site "Belek"]
[Date "2019.02.01"]
[Round "9.12"]
[White "Karaoglan, Doruk"]
[Black "Aslan, Dogukan"]
[Result "1-0"]
[WhiteElo "2142"]
[BlackElo "1709"]
[Annotator "NA"]
[PlyCount "63"]
[EventDate "2019.01.27"]
[EventType "swiss"]
[EventCountry "TUR"]
[SourceTitle "playchess.com"]
[Source "ChessBase"]
[SourceQuality "1"]

1. e4 c5 2. Nc3 Nc6 3. g3 g6 4. Bg2 Bg7 5. d3 d6 6. f4 e6 7. Nf3 Nge7 8. O-O O-O 9. Be3 Nd4 10. e5 Nef5 11. Bf2 Bd7 12. exd6 Bc6 13. d7 Nxf3+ 14. Bxf3 Bxf3 15. Qxf3 Qc7 16. Ne4 b6 17. Rae1 Qxd7 18. Kh1 Nd4 19. Bxd4 cxd4 20. g4 Rac8 21. Re2 Qa4 22. f5 exf5 23. gxf5 Rxc2 24. f6 Bh8 25. Rxc2 Qxc2 26. Nd6 Qc5 27. Qf4 Qd5+ 28. Kg1 Rd8 29. Ne4 Re8 30. Rc1 Qf5 31. Qd6 Rxe4 32. Qd8+ 1-0

[Event "Turkey Cup 2019"]
[Site "Belek"]
[Date "2019.02.01"]
[Round "9.13"]
[White "Guven, Oguz Kagan"]
[Black "Makaraci, Tunahan"]
[Result "1-0"]
[WhiteElo "2087"]
[BlackElo "1915"]
[Annotator "NA"]
[PlyCount "60"]
[EventDate "2019.01.27"]
[EventType "swiss"]
[EventCountry "TUR"]
[SourceTitle "playchess.com"]
[Source "ChessBase"]
[SourceQuality "1"]

1. e4 Nf6 2. e5 Nd5 3. d4 d6 4. Nf3 Bg4 5. Be2 e6 6. O-O Be7 7. h3 Bh5 8. c4 Nb6 9. Nc3 O-O 10. Be3 d5 11. g4 Bg6 12. c5 N6d7 13. b4 f6 14. exf6 Bxf6 15. Qd2 Be7 16. Rae1 h5 17. Ng5 Bxg5 18. Bxg5 Qe8 19. f4 c6 20. f5 exf5 21. Bd3 Qc8 22. gxf5 Bf7 23. Re2 Na6 24. Rg2 Kh8 25. f6 g6 26. Bh6 Rg8 27. Bg7+ Rxg7 28. fxg7+ Kxg7 29. Rxf7+ Kxf7 30. Bxg6+ Ke7 1-0

[Event "Turkey Cup 2019"]
[Site "Belek"]
[Date "2019.02.01"]
[Round "9.14"]
[White "Yuksel, Atilla Koksal"]
[Black "Yucesoy, Atil"]
[Result "1-0"]
[WhiteElo "2236"]
[BlackElo "1685"]
[Annotator "NA"]
[PlyCount "57"]
[EventDate "2019.01.27"]
[EventType "swiss"]
[EventCountry "TUR"]
[SourceTitle "playchess.com"]
[Source "ChessBase"]
[SourceQuality "1"]

1. e4 e5 2. d4 exd4 3. Qxd4 Nc6 4. Qe3 d6 5. Nc3 Nf6 6. Bd2 g6 7. O-O-O Bg7 8. f3 O-O 9. Nge2 Re8 10. Qf2 a6 11. h4 b5 12. h5 b4 13. hxg6 fxg6 14. Nf4 bxc3 15. Bc4+ Kf8 16. Bxc3 Ne5 17. Bb3 g5 18. Nd3 Nxd3+ 19. Rxd3 Be6 20. e5 Bxb3 21. exf6 Bxf6 22. axb3 Bxc3 23. Rxc3 Kg8 24. Qd4 c5 25. Qd5+ Kg7 26. f4 gxf4 27. Rxh7+ Kxh7 28. Qf7+ Kh6 29. Rh3+ 1-0

[Event "Turkey Cup 2019"]
[Site "Belek"]
[Date "2019.02.01"]
[Round "9.15"]
[White "Ozsakallioglu, Okan"]
[Black "Kiremitciyan, Ari"]
[Result "1/2-1/2"]
[WhiteElo "2051"]
[BlackElo "2253"]
[Annotator "NA"]
[PlyCount "123"]
[EventDate "2019.01.27"]
[EventType "swiss"]
[EventCountry "TUR"]
[SourceTitle "playchess.com"]
[Source "ChessBase"]
[SourceQuality "1"]

1. e4 e5 2. Nf3 Nc6 3. Nc3 Nf6 4. Bb5 Nd4 5. Ba4 c6 6. d3 Bc5 7. Nxd4 Bxd4 8. Ne2 Bb6 9. O-O O-O 10. Ng3 d5 11. h3 Nd7 12. c3 Nc5 13. Bc2 dxe4 14. dxe4 Qf6 15. Qh5 Ne6 16. Nf5 Bd8 17. f4 Qg6 18. Qf3 Nxf4 19. Bxf4 exf4 20. Qxf4 Bxf5 21. Qxf5 Bb6+ 22. Kh1 Qxf5 23. Rxf5 g6 24. Rff1 Rae8 25. Rad1 Re7 26. Rd2 Kg7 27. g3 Rd8 28. Rxd8 Bxd8 29. Kg2 Bc7 30. Rd1 Kf6 31. Kf3 Ke5 32. Bb3 f6 33. Rd2 h5 34. Bc2 Rh7 35. Kg2 b5 36. a4 a6 37. Rd1 Bb6 38. Kf3 h4 39. g4 Rb7 40. axb5 axb5 41. Bb3 Ra7 42. Bg8 g5 43. Bb3 Rb7 44. Ra1 Ra7 45. Rxa7 Bxa7 46. Bf7 Kd6 47. Be8 Bg1 48. b3 Bh2 49. c4 b4 50. c5+ Kxc5 51. Bf7 Kd4 52. Bc4 Bf4 53. Bg8 Kd3 54. Bc4+ Kd2 55. Bg8 Ke1 56. Bc4 Be5 57. Ba6 c5 58. Bc4 Bf4 59. Ba6 Be5 60. Bc4 Kd2 61. Ba6 Bd4 62. Bc4 1/2-1/2

[Event "Turkey Cup 2019"]
[Site "Belek"]
[Date "2019.02.01"]
[Round "9.16"]
[White "Sade, Defne"]
[Black "Ozkan, Ervin"]
[Result "0-1"]
[WhiteElo "1952"]
[BlackElo "2150"]
[Annotator "NA"]
[PlyCount "112"]
[EventDate "2019.01.27"]
[EventType "swiss"]
[EventCountry "TUR"]
[SourceTitle "playchess.com"]
[Source "ChessBase"]
[SourceQuality "1"]

1. e4 c6 2. d4 d5 3. Nc3 dxe4 4. Nxe4 Bf5 5. Ng3 Bg6 6. h4 h6 7. Nf3 Nd7 8. h5 Bh7 9. Bd3 Bxd3 10. Qxd3 e6 11. Bd2 Ngf6 12. O-O-O Qc7 13. Ne4 Nxe4 14. Qxe4 Nf6 15. Qe2 Bd6 16. g3 O-O-O 17. c4 c5 18. Bc3 cxd4 19. Nxd4 a6 20. Kb1 Qc5 21. Rc1 Bc7 22. Nf3 Qf5+ 23. Ka1 Qd3 24. Qxd3 Rxd3 25. Ne5 Rxc3 26. Rxc3 Bxe5 27. Rd3 Rd8 28. Rxd8+ Kxd8 29. Kb1 Bd4 30. f3 e5 31. Kc2 Bf2 32. g4 e4 33. fxe4 Nxg4 34. b4 Bd4 35. a4 Kc7 36. c5 a5 37. bxa5 Bxc5 38. Kb3 g5 39. hxg6 fxg6 40. e5 h5 41. e6 Kd6 42. Kc4 Ne5+ 43. Kb5 Bf2 44. a6 bxa6+ 45. Kxa6 Kxe6 46. a5 Nc4 47. Kb5 Nxa5 48. Kxa5 Ke5 49. Kb4 h4 50. Kc3 Ke4 51. Kd2 Kf3 52. Kd3 g5 53. Kd2 g4 54. Rb1 h3 55. Rb3+ Kg2 56. Ke2 h2 0-1

[Event "Turkey Cup 2019"]
[Site "Belek"]
[Date "2019.02.01"]
[Round "9.17"]
[White "Degirmenci, Yagiz"]
[Black "Yeke, Serkan"]
[Result "1/2-1/2"]
[WhiteElo "1872"]
[BlackElo "2117"]
[Annotator "NA"]
[PlyCount "81"]
[EventDate "2019.01.27"]
[EventType "swiss"]
[EventCountry "TUR"]
[SourceTitle "playchess.com"]
[Source "ChessBase"]
[SourceQuality "1"]

1. Nf3 Nf6 2. c4 g6 3. Nc3 Bg7 4. g3 O-O 5. Bg2 d6 6. O-O Nc6 7. d3 e5 8. Rb1 a5 9. b3 h6 10. Bb2 Bf5 11. e4 Bg4 12. h3 Bxf3 13. Qxf3 Nd7 14. Qd1 Nc5 15. a3 Nd4 16. b4 axb4 17. axb4 Nce6 18. Ne2 Nxe2+ 19. Qxe2 Ra2 20. Qd1 Qg5 21. h4 Qe7 22. Qb3 Rfa8 23. Ra1 Rxa1 24. Rxa1 Rxa1+ 25. Bxa1 g5 26. hxg5 Qxg5 27. Qd1 h5 28. Bb2 h4 29. Bc1 Qf6 30. Qg4 hxg3 31. fxg3 Kf8 32. Qh5 Qg6 33. Qxg6 fxg6 34. Kf2 Ke7 35. Bd2 b6 36. Be3 Bf6 37. Bh3 Nd8 38. b5 Nf7 39. Bg4 Bg5 40. Bc8 Bxe3+ 41. Kxe3 1/2-1/2

[Event "Turkey Cup 2019"]
[Site "Belek"]
[Date "2019.02.01"]
[Round "9.18"]
[White "Temel, Burcu Melis"]
[Black "Ererdem, Gani Eren"]
[Result "1/2-1/2"]
[WhiteElo "1796"]
[BlackElo "2137"]
[Annotator "NA"]
[PlyCount "101"]
[EventDate "2019.01.27"]
[EventType "swiss"]
[EventCountry "TUR"]
[SourceTitle "playchess.com"]
[Source "ChessBase"]
[SourceQuality "1"]

1. Nf3 Nf6 2. g3 e6 3. Bg2 d5 4. d3 c5 5. O-O Nc6 6. c4 Be7 7. b3 O-O 8. Bb2 d4 9. Na3 e5 10. Nc2 h6 11. a3 a5 12. e4 Bg4 13. h3 Be6 14. Nfe1 Qd7 15. Kh2 g5 16. Bc1 Bd6 17. h4 gxh4 18. gxh4 Kh7 19. Qd2 Ng4+ 20. Kg1 Rg8 21. f3 Ne3 22. Nxe3 dxe3 23. Qxe3 Rg6 24. Qf2 Rag8 25. Kh2 Qd8 26. Rh1 Qf6 27. Kg1 Rg3 28. Bg5 R8xg5 29. hxg5 Qxg5 30. Ra2 Nd4 31. Rb2 Be7 32. Kf1 Bd7 33. Rb1 Ne6 34. Bh3 Qf4 35. Bf5+ Kg7 36. Rg1 Rxg1+ 37. Qxg1+ Kf8 38. Rb2 b6 39. b4 Bh4 40. Qg4 Qc1 41. Re2 Bxe1 42. Rxe1 Qxa3 43. bxa5 Qxd3+ 44. Kf2 bxa5 45. Qh4 Qd4+ 46. Kg3 Qd2 47. Rh1 Kg7 48. Qg4+ Kf8 49. Qh4 Kg7 50. Qg4+ Kf8 51. Qh4 1/2-1/2

[Event "Turkey Cup 2019"]
[Site "Belek"]
[Date "2019.02.01"]
[Round "9.19"]
[White "Korkmaz, Necmettin"]
[Black "Koc, Ilkay"]
[Result "1-0"]
[WhiteElo "2053"]
[BlackElo "2000"]
[Annotator "NA"]
[PlyCount "101"]
[EventDate "2019.01.27"]
[EventType "swiss"]
[EventCountry "TUR"]
[SourceTitle "playchess.com"]
[Source "ChessBase"]
[SourceQuality "1"]

1. e4 d5 2. exd5 Nf6 3. Nf3 Nxd5 4. d4 Bf5 5. Bd3 Bxd3 6. Qxd3 e6 7. O-O Nd7 8. Re1 Be7 9. c4 N5f6 10. Qb3 Rb8 11. Nc3 O-O 12. h3 a6 13. a4 h6 14. Be3 c5 15. Bf4 Rc8 16. d5 exd5 17. cxd5 c4 18. Qxb7 Bc5 19. Qxa6 g5 20. Be3 Bb4 21. Bd4 Kh7 22. Ne5 Bxc3 23. Bxc3 Nxd5 24. Nxd7 Qxd7 25. Rad1 Rc6 26. Qb5 Nxc3 27. Rxd7 Nxb5 28. axb5 Rb6 29. Re5 Kg6 30. Rc7 f6 31. Rd5 Re8 32. g4 h5 33. Rxc4 hxg4 34. hxg4 Re2 35. b4 Rb2 36. Rd7 Re2 37. Rcc7 f5 38. Rg7+ Kh6 39. gxf5 Kh5 40. Rc4 Kh6 41. Rg6+ Rxg6 42. fxg6 Kxg6 43. Rc6+ Kf5 44. b6 Re7 45. Kg2 Kg4 46. Rc4+ Kh5 47. Rc5 Rb7 48. Rb5 Kg4 49. f3+ Kf4 50. Kf2 Rb8 51. b7 1-0

[Event "Turkey Cup 2019"]
[Site "Belek"]
[Date "2019.02.01"]
[Round "9.20"]
[White "Camdereli, Gunduz"]
[Black "Erdogan, Anil Berk"]
[Result "1/2-1/2"]
[WhiteElo "1724"]
[BlackElo "2090"]
[Annotator "NA"]
[PlyCount "40"]
[EventDate "2019.01.27"]
[EventType "swiss"]
[EventCountry "TUR"]
[SourceTitle "playchess.com"]
[Source "ChessBase"]
[SourceQuality "1"]

1. e4 c5 2. c3 d5 3. exd5 Qxd5 4. d4 g6 5. Nf3 Bg7 6. Be2 cxd4 7. cxd4 Nf6 8. Nc3 Qd6 9. O-O O-O 10. Ne5 Nc6 11. Nxc6 bxc6 12. Be3 Nd5 13. Nxd5 cxd5 14. Qa4 Bd7 15. Qa5 Rfb8 16. b3 a6 17. Rfd1 e6 18. Rac1 Bb5 19. Bf3 Bf6 20. g3 Qb6 1/2-1/2

[Event "Turkey Cup 2019"]
[Site "Belek"]
[Date "2019.02.01"]
[Round "9.21"]
[White "Dogan, Nazmi Can"]
[Black "Yuksel, Davut Can"]
[Result "1-0"]
[WhiteElo "2244"]
[BlackElo "1836"]
[Annotator "NA"]
[PlyCount "85"]
[EventDate "2019.01.27"]
[EventType "swiss"]
[EventCountry "TUR"]
[SourceTitle "playchess.com"]
[Source "ChessBase"]
[SourceQuality "1"]

1. b3 e5 2. Bb2 d6 3. g3 Nf6 4. Bg2 Be7 5. d3 O-O 6. c4 c6 7. Nd2 Bf5 8. Ngf3 h6 9. c5 Re8 10. O-O d5 11. Nxe5 Bxc5 12. a3 Nbd7 13. Nxd7 Nxd7 14. b4 Bb6 15. Nf3 Qe7 16. Re1 Nf6 17. Nd4 Bh7 18. Bh3 Rad8 19. Qd2 Bc7 20. Bc3 Be5 21. Qb2 Nd7 22. Rac1 Nb6 23. Qd2 Bf6 24. Qd1 Nd7 25. a4 Ne5 26. Nb3 Nd7 27. Bxf6 Qxf6 28. Na5 Bf5 29. Bxf5 Qxf5 30. Nxb7 Ne5 31. Nxd8 Qh3 32. f3 Rxd8 33. Qd2 Rd6 34. Qf4 Re6 35. b5 cxb5 36. axb5 g5 37. Qd4 Kh7 38. Qxa7 Rf6 39. Qd4 Rf5 40. b6 g4 41. f4 Ng6 42. Rf1 Nh4 43. Qf2 1-0

[Event "Turkey Cup 2019"]
[Site "Belek"]
[Date "2019.02.01"]
[Round "9.22"]
[White "Eldemir, Goksu"]
[Black "Karadeniz, Ali Emre"]
[Result "1/2-1/2"]
[WhiteElo "1876"]
[BlackElo "2257"]
[Annotator "NA"]
[PlyCount "96"]
[EventDate "2019.01.27"]
[EventType "swiss"]
[EventCountry "TUR"]
[SourceTitle "playchess.com"]
[Source "ChessBase"]
[SourceQuality "1"]

1. e4 e6 2. d4 d5 3. Nd2 c5 4. exd5 exd5 5. Bb5+ Nc6 6. Ngf3 cxd4 7. Nxd4 Bd7 8. N2f3 Nf6 9. O-O Be7 10. Re1 O-O 11. c3 Re8 12. Bf4 Qb6 13. Qb3 Bc5 14. Bxc6 bxc6 15. Qxb6 Rxe1+ 16. Rxe1 axb6 17. a3 Rc8 18. Nb3 Bf8 19. Ne5 Be8 20. f3 c5 21. Kf2 Bb5 22. g4 Ne8 23. g5 Nc7 24. Bc1 Bd6 25. f4 Kf8 26. Nd2 Ba4 27. b3 Be8 28. Ndf3 Be7 29. f5 Nb5 30. c4 Nc3 31. cxd5 Nxd5 32. Rd1 Nc3 33. Rd3 Nb5 34. Nc4 Rd8 35. Rxd8 Bxd8 36. Bf4 Ke7 37. a4 Nd4 38. Nxd4 cxd4 39. Be5 Kd7 40. Bxg7 Kc6 41. Bxd4 Bxg5 42. Bxb6 Kd5 43. Kf3 h5 44. a5 Bb5 45. Ne3+ Ke5 46. Nc4+ Kd5 47. Ne3+ Ke5 48. Nc4+ Kd5 1/2-1/2

[Event "Turkey Cup 2019"]
[Site "Belek"]
[Date "2019.02.01"]
[Round "9.23"]
[White "Iyiol, Mehmet"]
[Black "Metin, Mehmet"]
[Result "0-1"]
[WhiteElo "1892"]
[BlackElo "2197"]
[Annotator "NA"]
[PlyCount "82"]
[EventDate "2019.01.27"]
[EventType "swiss"]
[EventCountry "TUR"]
[SourceTitle "playchess.com"]
[Source "ChessBase"]
[SourceQuality "1"]

1. e4 c5 2. Nf3 Nc6 3. d4 cxd4 4. Nxd4 e5 5. Nb5 a6 6. Nd6+ Bxd6 7. Qxd6 Qe7 8. Qd3 Nf6 9. Nc3 d5 10. Bg5 Nb4 11. Qd2 d4 12. Nd5 Nbxd5 13. exd5 h6 14. Bxf6 Qxf6 15. Bc4 O-O 16. a4 b6 17. O-O Bb7 18. f4 e4 19. Rad1 b5 20. axb5 axb5 21. Bxb5 d3 22. Bxd3 exd3 23. Qxd3 Ba6 24. c4 Qxb2 25. Rf2 Qb4 26. f5 Qxc4 27. Qg3 f6 28. d6 Rad8 29. h3 Rf7 30. Kh1 Rfd7 31. Rfd2 Qe4 32. Qb3+ Kh7 33. Qe6 Bb7 34. Re1 Qf4 35. Red1 Qg3 36. Qe2 Qxh3+ 37. Kg1 Qxf5 38. Rd4 Rxd6 39. Rxd6 Rxd6 40. Rc1 Qe4 41. Qf1 Rd2 0-1